| 000 | 00949nam a2200301 i 4500 | ||
|---|---|---|---|
| 001 | bg | ||
| 100 | 1 | _aBRIGHAM BERNSTEL, Janet | |
| 245 | 1 | 0 |
_aDobra organizacja : _bpraktyczny poradnik dla tych, którzy nie lubią tracić czasu / _cJanet Brigham Bernstel, Stephen Windhaus ; [tł. Magdalena Jońska]. |
| 246 |
_iTyt. oryg.: _aTen minute guide to getting organized |
||
| 260 |
_aWarszawa : _b"Liber", _c2001. |
||
| 300 |
_a158 s. ; _c21 cm. |
||
| 490 | 1 | _aZarządzanie | |
| 500 | _aTyt. oryg.: "Ten minute guide to getting organized". | ||
| 504 | _aBibliogr. - Indeks. | ||
| 650 | 9 | _aOrganizacja | |
| 650 | 9 | _aZarządzanie | |
| 655 | _aPoradniki | ||
| 700 | 1 | _aWINDHAUS, Stephen | |
| 700 | 1 | _aBRIGHAM BERNSTEL, Janet | |
| 830 | _aZarządzanie | ||
| 020 | _a8388170325 | ||
| 040 | _cBPK | ||
| 041 | 1 |
_apol _heng |
|
| 080 | _a65.01(083.1) | ||
| 920 | _a83-88170-32-5 | ||
| 942 | _cKS | ||
| 008 | s pl f |000 0 pol | ||
| 999 |
_c51912 _d51912 |
||
| 856 |
_uhttp://koha.tu.koszalin.pl/cgi-bin/koha/opac-detail.pl?biblionumber=51912 _yKatalog online BPK |
||